书目信息 |
| 题名: |
专利情报分析与应用
|
|
| 作者: | 吴颖 著 | |
| 分册: | ||
| 出版信息: | 广州 广东旅游出版社 2019 |
|
| 页数: | 136页 | |
| 开本: | 24cm | |
| 丛书名: | ||
| 单 册: | ||
| 中图分类: | G306 , G818.3 | |
| 科图分类: | ||
| 主题词: | 专利技术--zhuan li ji shu--体育器材--情报分析 | |
| 电子资源: | ||
| ISBN: | 978-7-5570-1439-1 | |
| 000 | 01192nam0 2200265 450 | |
| 001 | 012001004053 | |
| 005 | 20131016100951.0 | |
| 010 | @a978-7-5570-1439-1@dCNY38.00 | |
| 099 | @aCAL 012019089440 | |
| 100 | @a20190711d2019 em y0chiy50 ea | |
| 101 | 0 | @achi |
| 102 | @aCN@b440000 | |
| 105 | @aak a 000yy | |
| 106 | @ar | |
| 200 | 1 | @a专利情报分析与应用@Azhuan li qing bao fen xi yu ying yong@f吴颖著 |
| 210 | @a广州@c广东旅游出版社@d2019 | |
| 215 | @a136页@c图@d24cm | |
| 320 | @a有书目 (第131-136页) | |
| 330 | @a本书通过对专利情报分析定义与方法的总结,指出当前信息社会发展条件下,专利情报分析未来的发展走向。同时,通过对专利情报分析对企业竞争策略制定、高校专利管理体系专利情报应用分析、城市管理创新能力专利情报分析应用以及产业战略专利情报的实施方法和应用价值的阐述,指出当前专利情报分析与应用的重要性和具体方法体现。基于此借助于专利情报分析与应用中应该注意的问题,通过对体育器材装备专利情报服务经典案例的分析,为专利情报分析明确应用的灵活性、广度与深度指明方向和方法。 | |
| 606 | 0 | @a专利技术@Azhuan li ji shu@x体育器材@x情报分析 |
| 690 | @aG306@v5 | |
| 690 | @aG818.3@v5 | |
| 701 | 0 | @a吴颖@AWu Ying@4著 |
| 801 | @b江苏凤凰@c20191020 | |
| 905 | @b1234647-52@dG306@e8@f6 | |
| 专利情报分析与应用/吴颖著.-广州:广东旅游出版社,2019 |
| 136页:图;24cm |
| ISBN 978-7-5570-1439-1:CNY38.00 |
| 本书通过对专利情报分析定义与方法的总结,指出当前信息社会发展条件下,专利情报分析未来的发展走向。同时,通过对专利情报分析对企业竞争策略制定、高校专利管理体系专利情报应用分析、城市管理创新能力专利情报分析应用以及产业战略专利情报的实施方法和应用价值的阐述,指出当前专利情报分析与应用的重要性和具体方法体现。基于此借助于专利情报分析与应用中应该注意的问题,通过对体育器材装备专利情报服务经典案例的分析,为专利情报分析明确应用的灵活性、广度与深度指明方向和方法。 |
| ● |
| 相关链接 |
|
|
|
|
正题名:专利情报分析与应用
索取号:G306/8
 
预约/预借
| 序号 | 登录号 | 条形码 | 馆藏地/架位号 | 状态 | 备注 |
| 1 | 1234647 | 212346479 | 第一样本阅览室/ [索取号:G306/8] | 在馆 | |
| 2 | 1234648 | 212346488 | 第四借阅区/ [索取号:G306/8] | 在馆 | |
| 3 | 1234649 | 212346497 | 第四借阅区/ [索取号:G306/8] | 在馆 | |
| 4 | 1234650 | 212346503 | 教育系资料室/ [索取号:G306/8] | 在馆 | |
| 5 | 1234651 | 212346512 | 教育系资料室/ [索取号:G306/8] | 在馆 | |
| 6 | 1234652 | 212346521 | 教育系资料室/ [索取号:G306/8] | 在馆 |